[Event "European Youth Chess Championship G14"]
[Site "Prague, Top Hotel Prague"]
[Date "2012.08.23"]
[Round "7.31"]
[White "Kahya, Gizem"]
[Black "Parhomenko, Margarita"]
[Result "1/2-1/2"]
[WhiteElo "1705"]
[BlackElo "1591"]
[PlyCount "105"]
[EventDate "2012.08.17"]

1. e4 d5 2. exd5 Qxd5 3. Nc3 Qa5 4. d4 Nf6 5. Bd3 c6 6. h3 Bf5 7. Bxf5 Qxf5 8.
Nge2 Nbd7 9. Ng3 Qg6 10. O-O Nb6 11. Nce2 Nh5 12. Nxh5 Qxh5 13. Nf4 Qxd1 14.
Rxd1 O-O-O 15. Be3 g6 16. d5 Nxd5 17. Nxd5 Rxd5 18. Rxd5 cxd5 19. Rd1 e6 20.
Bxa7 Bg7 21. c3 Kc7 22. Be3 Ra8 23. a3 Kc6 24. f4 Ra4 25. Kf2 Re4 26. b3 e5 27.
fxe5 Bxe5 28. Kf3 f5 29. Bd4 Kd6 30. a4 f4 31. b4 Bxd4 32. cxd4 h5 33. h4 Ke6
34. g3 Kf5 35. gxf4 Rxf4+ 36. Kg3 Rg4+ 37. Kh3 Re4 38. Rf1+ Ke6 39. Rg1 Kf7 40.
Rg5 Rxd4 41. a5 Rxb4 42. Rxd5 Ke6 43. Rg5 Kf6 44. Rc5 Re4 45. Rb5 Re5 46. Rxb7
Rxa5 47. Rb3 g5 48. hxg5+ Kxg5 49. Rg3+ Kh6 50. Rg1 Ra2 51. Rg3 Ra1 52. Rg2
Rh1+ 53. Rh2 1/2-1/2

[Event "European Youth Chess Championship G14"]
[Site "Prague, Top Hotel Prague"]
[Date "2012.08.23"]
[Round "7.32"]
[White "Vangsgaard, Freja"]
[Black "Bohanesova, Vendula"]
[Result "1/2-1/2"]
[WhiteElo "1550"]
[BlackElo "1653"]
[PlyCount "81"]
[EventDate "2012.08.17"]

1. Nf3 Nf6 2. g3 b5 3. Bg2 Bb7 4. O-O e6 5. d3 d5 6. Nbd2 Be7 7. b3 c5 8. Re1
Nc6 9. Bb2 O-O 10. c4 bxc4 11. bxc4 Rb8 12. Rb1 Nd7 13. Qc1 h6 14. a3 d4 15.
Nb3 e5 16. e4 Bd6 17. Nh4 Ne7 18. Bh3 Bxe4 19. Rxe4 Rxb3 20. Nf5 Nxf5 21. Bxf5
Nf6 22. Rh4 Re8 23. Qd2 Bf8 24. Re1 g6 25. Be4 Nxe4 26. Rhxe4 Bg7 27. f4 Qb8
28. Bc1 f6 29. g4 g5 30. fxe5 Rxe5 31. Rxe5 fxe5 32. Qe2 Qd6 33. Qe4 Qe7 34.
Qa8+ Qf8 35. Qd5+ Kh8 36. Rf1 Qe7 37. Qa8+ Kh7 38. Qe4+ Kg8 39. Qd5+ Kh8 40.
Qa8+ Kh7 41. Qe4+ 1/2-1/2

[Event "European Youth Chess Championship G14"]
[Site "Prague, Top Hotel Prague"]
[Date "2012.08.23"]
[Round "7.33"]
[White "Beluska, Tereza"]
[Black "Shahbazyan, Hasmik"]
[Result "0-1"]
[WhiteElo "1496"]
[BlackElo "1665"]
[PlyCount "66"]
[EventDate "2012.08.17"]

1. e4 Nc6 2. d4 d5 3. exd5 Qxd5 4. Nf3 e5 5. Nc3 Bb4 6. dxe5 Qxd1+ 7. Kxd1 Bg4
8. Be2 O-O-O+ 9. Bd2 Bxf3 10. Bxf3 Nxe5 11. Be2 Nf6 12. Ke1 Rhe8 13. b3 Nc6 14.
a3 Rxd2 15. Kxd2 Ne4+ 16. Kc1 Bxc3 17. Bg4+ Kb8 18. Ra2 Nxf2 19. Bd7 Re7 20.
Rf1 Rxd7 21. Rxf2 Re7 22. Rf1 Re2 23. Kd1 Rd2+ 24. Kc1 Rxg2 25. h3 f5 26. Kd1
Nd4 27. a4 Nxb3 28. Ra3 Rd2+ 29. Ke1 Rxc2+ 30. Kd1 Rd2+ 31. Ke1 Ra2+ 32. Kd1
Rxa3 33. Rxf5 a5 0-1

[Event "European Youth Chess Championship G14"]
[Site "Prague, Top Hotel Prague"]
[Date "2012.08.23"]
[Round "7.34"]
[White "Pashkuridze, Tamar"]
[Black "Kasapchuk, Oleksandra"]
[Result "1-0"]
[WhiteElo "1538"]
[BlackElo "1604"]
[PlyCount "103"]
[EventDate "2012.08.17"]

1. d4 Nf6 2. c4 g6 3. Nc3 Bg7 4. e4 O-O 5. Nf3 d6 6. Be2 c5 7. d5 e6 8. O-O
exd5 9. exd5 Re8 10. h3 a6 11. Bd3 Nbd7 12. Re1 Ne5 13. Nxe5 dxe5 14. Bg5 Qb6
15. Na4 Qd6 16. Nc3 Qb6 17. Na4 Qd6 18. Nc3 Qb6 19. Na4 Qc7 20. Qb3 Nd7 21. Bd2
f5 22. Qc2 Nf6 23. f3 Bd7 24. Nc3 b5 25. a3 Qb7 26. b3 Rab8 27. Rab1 b4 28.
axb4 cxb4 29. Nd1 Rec8 30. Qa2 Nh5 31. Nf2 Ng3 32. Rbc1 Kh8 33. Qa5 Bf8 34. Ra1
Ra8 35. Bc1 Bg7 36. Bb2 Nh5 37. d6 Nf4 38. Bxe5 Nxd3 39. Nxd3 Qa7+ 40. Kf1 Qb8
41. Bxg7+ Kxg7 42. Re8 Bxe8 43. Qxb4 Qxb4 44. Nxb4 Rab8 45. Nd5 Rxb3 46. Rxa6
Rb7 47. Rb6 Ra7 48. Nc7 Bd7 49. c5 Ra1+ 50. Kf2 Rc1 51. Na6 Kf6 52. Nb8 1-0

[Event "European Youth Chess Championship G14"]
[Site "Prague, Top Hotel Prague"]
[Date "2012.08.23"]
[Round "7.35"]
[White "Babic, Tijana"]
[Black "Lesnic, Galina"]
[Result "1/2-1/2"]
[WhiteElo "1566"]
[BlackElo "1490"]
[PlyCount "53"]
[EventDate "2012.08.17"]

1. e4 e5 2. Nf3 Nc6 3. d4 exd4 4. Nxd4 Bc5 5. Be3 Qf6 6. c3 Nge7 7. Bc4 Ne5 8.
Bb3 Qg6 9. O-O d5 10. f3 dxe4 11. Bc2 f5 12. fxe4 fxe4 13. Nd2 Bg4 14. Bxe4
Bxd1 15. Bxg6+ N7xg6 16. Raxd1 O-O-O 17. N2b3 Bb6 18. Kh1 Rhf8 19. Bg5 Rde8 20.
g3 Nc4 21. Rxf8 Rxf8 22. Ne6 Nxb2 23. Rd2 Nc4 24. Rd1 Nb2 25. Rd2 Nc4 26. Rd1
Nb2 27. Rd2 1/2-1/2

[Event "European Youth Chess Championship G14"]
[Site "Prague, Top Hotel Prague"]
[Date "2012.08.23"]
[Round "7.37"]
[White "Silva, Mariana Sofia T"]
[Black "Chepelnikova, Maria"]
[Result "1-0"]
[WhiteElo "1461"]
[BlackElo "1655"]
[PlyCount "75"]
[EventDate "2012.08.17"]

1. d4 Nf6 2. c4 g6 3. Nc3 Bg7 4. e4 d6 5. Nge2 O-O 6. Ng3 Na6 7. Be2 e5 8. d5
Nc5 9. h4 h5 10. Bg5 Qe8 11. Qd2 Kh7 12. O-O-O Ng4 13. Bxg4 Bxg4 14. Rdf1 a6
15. f3 Bd7 16. Nd1 b5 17. Ne2 bxc4 18. Nf2 Rb8 19. g4 Na4 20. Nd1 hxg4 21. h5
Rh8 22. hxg6+ Kxg6 23. f4 f6 24. Bh4 Kf7 25. fxe5 dxe5 26. Qg5 Kg8 27. Rxf6 Rh5
28. Qg6 Qxg6 29. Rxg6 Kh7 30. Rxa6 Bh6+ 31. Kc2 Nc5 32. Rf6 Kg7 33. Ng3 Bg5 34.
Nxh5+ Kh7 35. Bxg5 Ba4+ 36. Kb1 Nxe4 37. Ng3+ Kg7 38. Nxe4 1-0

[Event "European Youth Chess Championship G14"]
[Site "Prague, Top Hotel Prague"]
[Date "2012.08.23"]
[Round "7.38"]
[White "Liscinska, Jana"]
[Black "Serpetsidaki, Eva"]
[Result "1-0"]
[WhiteElo "1589"]
[BlackElo "1408"]
[PlyCount "57"]
[EventDate "2012.08.17"]

1. d4 d5 2. c4 e6 3. Nf3 Nf6 4. Bg5 Be7 5. Nc3 O-O 6. e3 b6 7. Bd3 Bb7 8. O-O
h6 9. Bh4 Nbd7 10. Rc1 Rc8 11. Nb5 a6 12. Nc3 c5 13. cxd5 exd5 14. dxc5 bxc5
15. Bf5 Rb8 16. Bg3 Ra8 17. Qb3 Bc6 18. Rfd1 Nb6 19. Ne5 Be8 20. Qc2 Bd6 21.
Qe2 Qc7 22. Ng4 Nxg4 23. Bxd6 Qxd6 24. Qxg4 g6 25. Bb1 Bc6 26. Ne4 Qe5 27. Nxc5
Qxb2 28. Bxg6 Qg7 29. Ne6 1-0

[Event "European Youth Chess Championship G14"]
[Site "Prague, Top Hotel Prague"]
[Date "2012.08.23"]
[Round "7.40"]
[White "Ajanovic, Berina"]
[Black "Kyrkjebo, Hanna B"]
[Result "0-1"]
[WhiteElo "1393"]
[BlackElo "1546"]
[PlyCount "26"]
[EventDate "2012.08.17"]

1. d4 d5 2. c4 c6 3. Nf3 Nf6 4. Nc3 a6 5. cxd5 cxd5 6. Bg5 Ne4 7. Qb3 Nxg5 8.
Nxg5 e6 9. Nf3 Nc6 10. e3 Bd6 11. Bd3 O-O 12. Rc1 Bd7 13. Qxb7 Na5 0-1